000 01114nam0a22003131 4500
001 v19\rc\1805079
005 20250619124233.0
035 _a(NLR Aleph) 004906274
090 _a5429212
_c5429212
100 _a20071224d1906 |||y0rusy50 ca
101 0 _arus
102 _aRU
105 _aa z |||||
200 1 _aОгородная культура картофеля
_fСост. Сергей Краинский, секр. Киев. отд. И.Р. о-ва плодоводства
210 _aСанкт-Петербург
_cП.П. Сойкин
_d[1906]
215 _a95, [3] с., 41 ил.
_d21
225 1 _aСельскохозяйственная библиотека
532 1 3 _aОгородная культура картофеля
700 1 _aКраинский
_bС.В.
_f1876-1936
_gСергей Васильевич
_4220
801 0 _aRU
_bNLR
_gpsbo
801 0 _aRU
_bRuMoRGB
_2psbo
801 1 _aRU
_bProSoft-M
_2rusmarc
852 _aNLR
_j34.50.4.1104
899 _aRuMoRGB
_jA 279/688
899 _aRuMoRGB
_jR 140/293
899 _aБАН
942 _cBOOK
980 _aNB